Statistics for Countries Capital's General Knowledge #5

Click here to take the quiz!

General Stats

  • This quiz has been taken 55 times
  • The average score is 8 of 10

Answer Stats

CountryCapital% Correct
FinlandHelsinki
100%
Vatican CityVatican City
98%
GreeceAthens
96%
TurkeyAnkara
95%
MonacoMonaco
95%
WalesCardiff
85%
IraqBaghdad
82%
SlovakiaBratislava
64%
AzerbijanBaku
62%
MacedoniaSkopje
44%

Score Distribution

Percentile by Number Answered

Percent of People with Each Score

Your Score History

You have not taken this quiz